| 000 | 00537 a2200121 4500 | ||
|---|---|---|---|
| 090 |
_c6526 _d6526 |
||
| 100 | _aSarmad Sadik | ||
| 245 |
_aMobile Agent Oriented Ontology Based Policies for Honey Bee Teamwork Architecture _cSarmad Sadik |
||
| 260 |
_aIslamabad : _bNUST School of Electrical Engineering & Computer Science, _c2010. |
||
| 300 |
_axiii, 115 p. : _bill. ; _c27 cm. + _e1 CD ROM |
||
| 500 | _aSupervisors : Dr. Arshad Ali, Dr. Hafiz Farooq Ahmad, Dr. Muhammad Akbar, Dr. S.M. Hassan Zaidi, Dr. Hiroki Suguri. | ||
| 942 |
_cPR _kPhD-IT SAR |
||
| 999 |
_c10357 _d10357 |
||